logo

Bir Sreshtho Munshi Abdur Rouf Library
Jhenaidah Cadet College

Antennas and radiowave propagation / (Record no. 5138)

MARC details
000 -LEADER
fixed length control field 00858pam a2200289 a 4500
001 - CONTROL NUMBER
JCCL Control Number 5138
003 - CONTROL NUMBER IDENTIFIER
JCCL marc code BD-JhCC
005 - DATE AND TIME OF LATEST TRANSACTION
control field 20171209173103.0
008 - FIXED-LENGTH DATA ELEMENTS--GENERAL INFORMATION
fixed length control field 840724s1985 nyua b 001 0 eng
020 ## - INTERNATIONAL STANDARD BOOK NUMBER
International Standard Book Number 0070118086
035 ## - SYSTEM CONTROL NUMBER
system control number (BD-JhCC)
040 ## - CATALOGING SOURCE
Original cataloging agency DLC
Transcribing agency DLC
Modifying agency DLC
041 ## - LANGUAGE CODE
Language code of Book eng
050 00 - LIBRARY OF CONGRESS CALL NUMBER
Classification number TK7871.6
Item number .C62 1985
082 00 - DEWEY DECIMAL CLASSIFICATION NUMBER
Classification number 621.3841/1
DDC Edition number 19
Author mark and Year Col 1985
100 1# - MAIN ENTRY--PERSONAL NAME
Personal name Collin, Robert E.
245 10 - TITLE STATEMENT
Title Antennas and radiowave propagation /
Statement of responsibility, etc Robert E. Collin.
260 ## - PUBLICATION, DISTRIBUTION, ETC. (IMPRINT)
Place of publication, distribution, etc New York :
Name of publisher, distributor, etc McGraw-Hill,
Date of publication, distribution, etc c1985.
300 ## - PHYSICAL DESCRIPTION
Pagination xii, 508 p. :
Other physical details ill. ;
Dimensions 24 cm.
440 #0 -
Title McGraw-Hill series in electrical engineering.
Name of part/section of a work Radio, television, radar, and antennas
500 ## - GENERAL NOTE
General note Includes indexes.
504 ## - BIBLIOGRAPHY, ETC. NOTE
Bibliography, etc Bibliography: p. 493-495.
650 #0 - SUBJECT ADDED ENTRY--TOPICAL TERM
Topical term or geographic name as entry element Antennas (Electronics)
650 #0 - SUBJECT ADDED ENTRY--TOPICAL TERM
Topical term or geographic name as entry element Radio wave propagation.
942 ## - ADDED ENTRY ELEMENTS (KOHA)
Source of classification or shelving scheme Dewey Decimal Classification
Koha item type Books
Holdings
Source of classification or shelving scheme Damaged status Not for loan Home library Current library Shelving location Date of accession Total Checkouts Full call number Barcode Date last seen Copy number Koha item type
Dewey Decimal Classification     JCC Rouf Library JCC Rouf Library Fiction 12/09/2017   621.3841/1 COL 1985 7145 12/09/2017 C-1 Books

JCC Library | Contacts | JCC Home

Last Update on 23 September 2017
Copyright @ 2017-2020 JCC Rouf Library
Rouf Library, Jhenidah Cadet College (JCC), Bangladesh